000
00351nam a2200145 a 4500
005
20140513081052.0
008
030203s19uu xx 00 eng d
050
_a
P 513.2
_b
MUL
245
_a
Multiplication table.
260
_b
Straight Lines Int,
_c
1995.
300
_a
Poster
650
_a
Mathematics--Posters
999
_c
116374
_d
116374